| Tag |
First Indicator |
Second Indicator |
Subfields |
| LEADER |
00000pam a2200000 a 4500 |
| 001 |
in00000072649 |
| 005 |
20151008054557.0 |
| 008 |
810312s1981 enkab b 00110 engm |
| 010 |
|
|
|a 81001842
|
| 020 |
|
|
|a 0521238447
|
| 020 |
|
|
|a 0521282551 (pbk.)
|
| 035 |
|
|
|a (OCoLC)07274878
|
| 035 |
|
|
|9 AAJ1067AM
|
| 039 |
0 |
|
|a 2
|b 3
|c 3
|d 3
|e 3
|
| 040 |
|
|
|a DLC
|c DLC
|d m.c.
|d TXA
|d UtOrBLW
|
| 043 |
|
|
|a i-cq---
|
| 049 |
|
|
|a TXAM
|c [951705]
|
| 050 |
0 |
0 |
|a BL2470.C56
|b L35
|
| 082 |
0 |
|
|a 306/.6
|2 19
|
| 100 |
1 |
|
|a Lambek, Michael.
|
| 245 |
1 |
0 |
|a Human spirits :
|b a cultural account of trance in Mayotte /
|c Michael Lambek.
|
| 264 |
|
1 |
|a Cambridge ;
|a New York :
|b Cambridge University Press,
|c 1981.
|
| 300 |
|
|
|a xix, 219 pages :
|b illustrations, map ;
|c 24 cm.
|
| 336 |
|
|
|a text
|b txt
|2 rdacontent
|
| 337 |
|
|
|a unmediated
|b n
|2 rdamedia
|
| 338 |
|
|
|a volume
|b nc
|2 rdacarrier
|
| 490 |
1 |
|
|a Cambridge studies in cultural systems ;
|v 6
|
| 500 |
|
|
|a Includes index.
|
| 504 |
|
|
|a Bibliography: pages 208-212.
|
| 650 |
|
0 |
|a Spirit possession.
|
| 650 |
|
0 |
|a Trance.
|
| 651 |
|
0 |
|a Comoro Islands
|x Religion.
|
| 740 |
0 |
|
|a Mayotte.
|
| 830 |
|
0 |
|a Cambridge studies in cultural systems ;
|v 6.
|
| 999 |
|
|
|a MARS
|
| 999 |
f |
f |
|s 954ff202-85e8-38bb-bf4a-836a9b67d27b
|i 47d4bd26-958e-3bd6-8390-ff88107cdd83
|t 0
|
| 952 |
f |
f |
|p normal
|a Texas A&M University
|b College Station
|c Sterling C. Evans Library
|d Evans: Library Stacks
|t 0
|e BL2470.C56 L35
|h Library of Congress classification
|i unmediated -- volume
|m A14806090115
|
| 998 |
f |
f |
|a BL2470.C56 L35
|t 0
|l Evans: Library Stacks
|